Zákon o bezpečnosti a ochrane zdravia pri práci - novela
Najzásadnejšie zmeny, ktoré prináša novela zákona o bezpečosti a ochrane zdravia pri práci.
Guardado en:
| Autor principal: | |
|---|---|
| Formato: | Capítulo de libro |
| Lenguaje: | eslovaco |
| Materias: | |
| Etiquetas: |
Sin Etiquetas, Sea el primero en etiquetar este registro!
|
MARC
| LEADER | 00000naa a2200000 4500 | ||
|---|---|---|---|
| 001 | 0206713 | ||
| 005 | 20231120130720.7 | ||
| 041 | 0 | |a slo | |
| 044 | |a SK | ||
| 245 | 1 | 0 | |a Zákon o bezpečnosti a ochrane zdravia pri práci - novela |c Ján Mintál |
| 520 | |a Najzásadnejšie zmeny, ktoré prináša novela zákona o bezpečosti a ochrane zdravia pri práci. | ||
| 610 | 2 | 0 | |a Slovensko |
| 610 | 2 | 0 | |a zákony |
| 610 | 2 | 0 | |a vzdelávanie |
| 610 | 2 | 0 | |a novelizácia |
| 610 | 2 | 0 | |a bezpečnosť práce |
| 100 | 1 | |a Mintál, Ján | |